000 01141nas1a22002891i 4500
001 RU\NLR\BIBL_A\012085585
005 20241103120848.0
011 0 _a1803-4950
_bprint
011 0 _a2336-4564
_bonline
035 _a(NLR Aleph) 012085585
090 _a11826846
_c11826846
100 _a20190903a20089999|||y0rusy50 ca
101 0 _arus
102 _aRU
110 _aajuzz 0|y|
200 1 _aНовая русистика
_eмеждународный журнал современной филологической и ареальной русистики
_fČes. asoc. slavistů ve spolupráci s Filozof. fak. Masarykovy un-ty
210 _aBrno
_cČeská asociace slavistů
_cFilozofickou fakultou Masarykovy univerzity
_d2017 -
606 _aРусская филология
_jПериодические издания
_91533718
_3RU\NLR\AUTH\66969420
686 1 _aШ041.2я54(4Че)
712 0 2 _4570
_7ba
_8cze
_aČeska asociace slavistů
_9712463
_3RU\NLR\AUTH\880525467
852 _aNLR
_jП34/2453
852 _aNLR
942 _cJOURNAL
980 _aRUSPER